000
00295nam a22001337a 4500
008
170802b xxu||||| |||| 00| 0 eng d
020
_a
0070256837
041
_a
eng
080
_2
2ND
_a
004
100
_a
32
101
_a
SHK
245
_a
COMPUTER ORGANIZATION
_c
HAMACHER,V.C
942
_2
udc
_c
BK
999
_c
22528
_d
22528